[Event "GRE-chT 48th"]
[Site "Athens"]
[Date "2021.09.07"]
[Round "1.6"]
[White "Zysk, Robert"]
[Black "Nikolaidis, Ioannis"]
[Result "0-1"]
[WhiteElo "2392"]
[BlackElo "2540"]
[PlyCount "98"]
[EventDate "2021.09.07"]
[EventType "team-swiss"]
[EventRounds "7"]
[EventCountry "GRE"]
[SourceTitle "CBM 204 Extra"]
[Source "ChessBase"]
[SourceDate "2021.11.30"]
[SourceVersion "1"]
[SourceVersionDate "2021.11.30"]
[SourceQuality "1"]
[WhiteTeam "Papagou"]
[BlackTeam "Piraikos"]
[WhiteTeamCountry "GRE"]
[BlackTeamCountry "GRE"]

1. d4 Nf6 2. c4 e6 3. Nf3 d5 4. Nc3 Be7 5. Bg5 0-0 6. e3 h6 7. Bh4 b6 8. cxd5 Nxd5 9. Bxe7 Qxe7 10. Bd3 Bb7 11. Rc1 Rc8 12. 0-0 c5 13. Nxd5 Bxd5 14. dxc5 bxc5 15. Bb1 Nd7 16. e4 Bb7 17. Qd2 Nf6 18. Rfe1 c4 19. Ne5 Ba6 20. Qa5 Qc5 21. Qc3 Qb6 22. Red1 Rab8 23. Rd2 Rd8 24. Rxd8+ Rxd8 25. h3 Qd4 26. Qxd4 Rxd4 27. Nf3 Rd8 28. Bc2 Bb7 29. Re1 g5 30. Re3 Bc6 31. g4 Rb8 32. b3 cxb3 33. axb3 Rb4 34. Nd2 a5 35. f3 Nd7 36. Rc3 Ne5 37. Kf2 a4 38. bxa4 Bxa4 39. Bxa4 Rxa4 40. h4 Ra2 41. Ke3 gxh4 42. Nc4 Ng6 43. Rc1 e5 44. f4 exf4+ 45. Kf3 h3 46. e5 Rg2 47. Rh1 Rc2 48. Nd6 Rc3+ 49. Ke4 Re3+ 0-1

[Event "Aegean op 43rd"]
[Site "Aghios Kirykos"]
[Date "2020.07.15"]
[Round "6"]
[White "Nikolaidis, Ioannis"]
[Black "David, Alberto"]
[Result "1/2-1/2"]
[WhiteElo "2535"]
[BlackElo "2526"]
[PlyCount "33"]
[EventDate "2020.07.10"]
[EventType "swiss"]
[EventRounds "7"]
[EventCountry "GRE"]
[SourceTitle "EXT 2021"]
[Source "ChessBase"]
[SourceDate "2020.10.23"]
[SourceVersion "1"]
[SourceVersionDate "2020.10.23"]
[SourceQuality "1"]

1. e4 c5 2. Nf3 e6 3. d4 cxd4 4. Nxd4 a6 5. Bd3 Bc5 6. Nb3 Be7 7. 0-0 d6 8. f4 Nc6 9. c3 Nf6 10. Be3 e5 11. f5 g6 12. fxg6 hxg6 13. h3 Be6 14. N1d2 Rc8 15. Rf3 Nb8 16. Qe2 Qc7 17. Raf1 1/2-1/2

[Event "Aegean op 43rd"]
[Site "Aghios Kirykos"]
[Date "2020.07.14"]
[Round "5.1"]
[White "Kotronias, Vasilios"]
[Black "Nikolaidis, Ioannis"]
[Result "1/2-1/2"]
[WhiteElo "2510"]
[BlackElo "2535"]
[PlyCount "90"]
[EventDate "2020.07.10"]
[EventType "swiss"]
[EventRounds "7"]
[EventCountry "GRE"]
[SourceTitle "CBM 197 Extra"]
[Source "ChessBase"]
[SourceDate "2020.09.30"]
[SourceVersion "1"]
[SourceVersionDate "2020.09.30"]
[SourceQuality "1"]

1. e4 e6 2. d4 d5 3. Nd2 a6 4. Bd3 c5 5. dxc5 Bxc5 6. Ngf3 Nc6 7. 0-0 Nge7 8. a3 0-0 9. b4 Ba7 10. Bb2 Ng6 11. e5 Nf4 12. Nb3 f6 13. exf6 e5 14. fxg7 Rf7 15. c4 Bg4 16. cxd5 Nh3+ 17. Kh1 Bxf3 18. gxf3 Nd4 19. Bxd4 exd4 20. Qe2 Nf4 21. Qe4 Nxd3 22. Qxd3 Qxd5 23. Nd2 Rxg7 24. Rg1 Rf8 25. Rxg7+ Kxg7 26. Rg1+ Kh8 27. Rg4 Qf5 28. Qxf5 Rxf5 29. Kg2 a5 30. bxa5 Rxa5 31. Ne4 Rd5 32. Kf1 d3 33. Ke1 Bd4 34. Kd2 Bg7 35. f4 Ra5 36. Rg3 Rxa3 37. Rxd3 Rxd3+ 38. Kxd3 b5 39. Kc2 Bf8 40. Nc3 b4 41. Nd5 Kg7 42. f5 Kh6 43. f4 Bd6 44. h3 Bxf4 45. Nxf4 Kg5 1/2-1/2